Farben: Alle Grautöne der RAL-Farbpalette - Statistiken

Allgemein
  • Dieses Quiz wurde 26 mal gespielt
  • Das Durchschnittsergebnis liegt bei 9 aus 35
Antwortstatistiken
RAL-Grauton % Korrekt
Steingrau
64%
Betongrau
55%
Blaugrau
55%
Grüngrau
55%
Gelbgrau
50%
Schwarzgrau
50%
Anthrazitgrau
45%
Mausgrau
45%
Silbergrau
45%
Braungrau
41%
Eisengrau
41%
Granitgrau
32%
Beigegrau
27%
Lichtgrau
27%
Staubgrau
27%
Zementgrau
27%
Schiefergrau
23%
Graphitgrau
18%
Kieselgrau
18%
Signalgrau
18%
Verkehrsgrau
18%
Basaltgrau
14%
Fenstergrau
14%
Telegrau
14%
Umbragrau
14%
Achatgrau
9%
Fehgrau
9%
Moosgrau
9%
Perlmausgrau
9%
Platingrau
9%
Quarzgrau
9%
Zeltgrau
9%
Khakigrau
5%
Olivgrau
5%
Seidengrau
5%
Keine übereinstimmenden Quizze gefunden
Verteilung der Resultate
Anzahl Personen mit jedem Resultat
Perzentil nach korrekt beantworteten Fragen
Ihre Resultats-Entwicklung
Sie haben dieses Quiz noch nicht gespielt